Sitios costarricenses de noticias en Facebook: ¿Qué “likean”, comentan y comparten sus usuarios?/
El artículo investiga el comportamiento de los usuarios en relación con los sitios de noticias costarricenses en la plataforma de Facebook. El autor examina cómo los usuarios interactúan con estas noticias a través de acciones como dar "Me gusta", comentar y compartir. Se analizan las pref...
Guardado en:
| 主要作者: | |
|---|---|
| 其他作者: | , |
| 格式: | 圖書 |
| 語言: | Spanish |
| 主題: | |
| 在線閱讀: | texto completo desde el sitio de la revista |
| 標簽: |
添加標簽
沒有標簽, 成為第一個標記此記錄!
|
MARC
| LEADER | 00000nam a22000007a 4500 | ||
|---|---|---|---|
| 003 | cru CIDCACS/IIS | ||
| 005 | 20231011062614.0 | ||
| 007 | ta | ||
| 008 | 190920t2018 cr |||p|r||||||0| ||spa|d | ||
| 040 | |c cru CIDCACS/IIS | ||
| 100 | 1 | |9 6690 |a Siles González, Ignacio | |
| 245 | 1 | |a Sitios costarricenses de noticias en Facebook: |b ¿Qué “likean”, comentan y comparten sus usuarios?/ |c Ignacio Siles González, Pedro Campos Acuña, Andrés Segura Castillo | |
| 300 | |a páginas 37-55: |b gráficos | ||
| 520 | |a El artículo investiga el comportamiento de los usuarios en relación con los sitios de noticias costarricenses en la plataforma de Facebook. El autor examina cómo los usuarios interactúan con estas noticias a través de acciones como dar "Me gusta", comentar y compartir. Se analizan las preferencias de los usuarios en términos de los temas de noticias que eligen interactuar y cómo difieren según el sitio de noticias. Además, se exploran las características demográficas de los usuarios y su relación con las interacciones en Facebook. El estudio ofrece una visión de la participación de los usuarios en el entorno de las redes sociales y su impacto en la difusión de noticias. En resumen, el artículo examina el comportamiento de los usuarios en Facebook con respecto a los sitios de noticias costarricenses y analiza las interacciones y preferencias de los usuarios en relación con las noticias en esta plataforma. RAR 04/2023 | ||
| 650 | 0 | |2 OCDE |9 3713 |a NOTICIAS | |
| 650 | 0 | |2 OCDE |9 1163 |a USUARIOS DE LA INFORMACION | |
| 650 | 0 | |a INTERACCION SOCIAL |9 5299 | |
| 650 | 0 | |2 OCDE |9 6776 |a REDES SOCIALES | |
| 650 | 0 | |2 OCDE |9 4771 |a DIFUSION DE LA INFORMACION | |
| 650 | 0 | |2 OCDE |9 4828 |a MEDIOS DE COMUNICACION | |
| 650 | 0 | |2 OCDE |9 6439 |a COMPORTAMIENTO | |
| 700 | 1 | |a Campos Acuña, Pedro |9 8548 | |
| 700 | 1 | |a Segura Castillo, Andrés |9 8549 | |
| 773 | 0 | |0 18728 |9 2924 |a Universidad de Costa Rica |d San José, Costa Rica Editorial UCR 1956- |o 17072 |t Revista de Ciencias Sociales/ |x 04825276 | |
| 856 | |u https://revistas.ucr.ac.cr/index.php/sociales/article/view/34806/34369 |y texto completo desde el sitio de la revista | ||
| 942 | |2 ddc |c PP | ||
| 999 | |c 42377 |d 42377 | ||
